| 000 | 00606nam a2200241Ia 4500 | ||
|---|---|---|---|
| 003 | OSt | ||
| 005 | 20220918214641.0 | ||
| 006 | a|||||r|||| 00| 0 | ||
| 007 | ta | ||
| 008 | 220917b |||||||| |||| 00| 0 eng d | ||
| 024 | _a138,523 | ||
| 037 | _cTextual | ||
| 040 |
_aARTS _cARTS _beng |
||
| 041 |
_2eng _aeng |
||
| 082 | _aY:45N.2, N0 | ||
| 100 |
_aTiwari S C _9110338 |
||
| 245 | 0 | _aTerrorism in India | |
| 260 |
_aNew Delhi _bSouth Asian _c1990 |
||
| 300 |
_axvi, 266p. _ccm. |
||
| 650 | _aSOCIOLOGY | ||
| 942 |
_hY:45N.2, N0 _cTEXL _2CC |
||
| 999 |
_c261574 _d261574 |
||